=LDR 00000nam 2200000 4500 =001 INLIS000000000045187 =005 20150105093531.0 =006 =007 =008 =020 ##$$a 978.979.1936.28-6 =035 ##$$0010-011500000000013 =040 ##$$a NBPDMAT =082 ##$$a 616.123 =090 ##$$a 616.123 Rid j =100 ##$$a Ridwan =245 ##$$a Jantung / Muhammad Ridwan; editor Shabira Ika =250 ##$$a Cet. 1 =260 ##$$a Semarang$bPustaka Widyatama$c2012 =300 ##$$a 162 hlm. : illus. ; 21 cm =500 ##$$a Bibliografi hlm : 159 =650 ##$$a Penyakit Jantung =700 ##$$a Shabira Ika =850 ##$$a NBPDMAT =990 ##$$a 0001/BPAP-NTB/2016 =990 ##$$a 0001/BPAP-NTB/2016